000 01517nam a2200373 4500
005 20240530110412.0
008 150222s2010 ua c f b 000 0cara d
017 _a19299/2010
_bمصر . دار الكتب المصرية
020 _a9771441051
040 _aEG-CaGPL
041 0 _aara
082 0 4 _221
_a709.04
_bط/ع أ
100 0 _aعدلى رزق الله
245 1 2 _aالفن المصرى الحديث :
_b1900 - 1950
_cتاليف عدلى رزق الله ، تمر رزق الله ؛ اشراف داليا محمد ابراهيم
250 _aط1
260 _aالقاهرة :
_bنهضة مصر للطباعة والنشر والتوزيع ،
_c2010
300 _a79 ص :
_bصور لو ؛
_c20 سم
490 0 _aاقرأ ا.. قرأ .. اقرأ وتعلم فى مكتبة عدلى رزق الله التشكيلية ؛
_v5
504 _aيشتمل على ارجاعات ببليوجرافية
600 0 4 _aمحمد ناجى
600 0 4 _aراغب عياد
600 0 4 _aمحمود سعيد
600 0 4 _aحامد عبدالله
600 0 4 _aرمسيس يونان
600 0 4 _aسمير رافع
600 0 4 _aحامد ندا
650 0 4 _aالفن
_xتاريخ ونقد
_yالقرن العشرين ( 1900 - 1950 )
650 0 4 _aالفن المصرى
650 0 4 _aالفن
_xمدارس
700 0 _aتمر رزق الله
_eمؤلف مشارك
700 0 _aداليا محمد ابراهيم
_eمشرف
942 _2ddc
_cBK
999 _c60488
_d60488